nfl top 50 players before season - Statistics

General Stats
  • This quiz has been taken 38 times
  • The average score is 41 of 50
Answer Stats
Hint Answer % Correct
1 qb cheifs patrick mahomes
100%
11 wr cowboys ceedee lamb
97%
9 rb 49ers Christian mccaffrey
97%
15 qb texans c.j. stroud
97%
6 wr bengals ja'marr chase
97%
13 qb bengals Joe burrow
97%
5 qb bills Josh allen
97%
43 edge jaguars josh hines-allen
97%
3 wr vikings Justin jefferson
97%
2 qb ravens Lamar jackson
97%
7 edge cowboys Micah parsons
97%
4 edge browns myles garrett
97%
10 lb steelers t.j watt
97%
8 wr dolphins Tyreek hill
97%
12 dt cheifs Chris jones
93%
16 edge 49ers Nick bosa
93%
50 dt jets quinnen williams
93%
14 lt 49ers Trent williams
93%
18 lb 49ers Fred warner
90%
41 qb jets Aaron rodgers
87%
21 wr eagles aj brown
87%
25 wr lions amon-ra st brown
87%
27 qb cowboys dak prescott
87%
22 te 49ers George kittle
87%
28 qb chargers Justin herbert
87%
26 edge raiders Maxx crosby
87%
20 cb broncos pat surtain
87%
48 rb eagles saquan barkley
87%
23 te cheifs travis kelce
87%
19 edge lions aidan hutchinson
83%
30 qb 49ers Brock purdy
83%
49 wr seahawks dk metcalf
83%
32 qb eagles Jalen hurts
83%
35 wr jets Garret wilson
80%
24 ot lions penei sewell
80%
29 wr rams puka nacua
80%
33 wr 49ers Brandon aiyuk
77%
42 wr bears dj moore
77%
45 cb dolphins Jalen ramsey
73%
38 lb ravens roquan smith
73%
31 edge texans will Anderson jr
73%
47 s ravens Kyle hamilton
70%
36 edge giants Brian burns
63%
40 ot texans Laremy tunsil
63%
34 guard cowboys Zack martin
63%
46 s buccaneers Antoine Winfield jr
50%
44 dt titans Jefferey simmons
47%
17 cb jets sauce gardener
43%
39 edge texans Danielle hunter
40%
37 cb titans l'jarius sneed
40%
No matching quizzes found
Score Distribution
Percent of People with Each Score
Percentile by Number Answered
Your Score History
You have not taken this quiz